Ako zvýšiť úspech vlastnej firmy zo straty - 5 mil. Sk zisk +64 mil. Sk
Tipy pre manažérov ako zvýšiť úspech vlastnej firmy. Ilustračný príklad fiktívnej firmy Komatex, a.s. ukazuje obrat v hospodárskom výsledku podniku zo straty 5 mil. Sk na zisk 64 mil. SK. Ukazovatele podniku pred zmenou a po zmene portfólia. Ziskovosť výrobkov pred zmenou a po zmene.
Saved in:
| Main Author: | |
|---|---|
| Format: | Book Chapter |
| Language: | Slovak |
| Subjects: | |
| Tags: |
No Tags, Be the first to tag this record!
|
MARC
| LEADER | 00000naa a2200000 4500 | ||
|---|---|---|---|
| 001 | r034962 | ||
| 005 | 20230825101819.9 | ||
| 041 | 0 | |a slo | |
| 044 | |a SK | ||
| 245 | 1 | 0 | |a Ako zvýšiť úspech vlastnej firmy |b zo straty - 5 mil. Sk zisk +64 mil. Sk |c Milan Veščičík |
| 520 | |a Tipy pre manažérov ako zvýšiť úspech vlastnej firmy. Ilustračný príklad fiktívnej firmy Komatex, a.s. ukazuje obrat v hospodárskom výsledku podniku zo straty 5 mil. Sk na zisk 64 mil. SK. Ukazovatele podniku pred zmenou a po zmene portfólia. Ziskovosť výrobkov pred zmenou a po zmene. | ||
| 610 | 2 | 0 | |a výsledok hospodársky |
| 610 | 2 | 0 | |a zisk |
| 610 | 2 | 0 | |a zisk podnikový |
| 610 | 2 | 0 | |a hospodárenie podnikové |
| 610 | 2 | 0 | |a výrobky |
| 610 | 2 | 0 | |a portfólio |
| 610 | 2 | 0 | |a ukazovatele ekonomické |
| 100 | 1 | |a Veščičík, Milan | |